000 00536nam a2200217Ia 4500
003 OSt
005 20220928141508.0
006 a|||||r|||| 00| 0
007 ta
008 220927b |||||||| |||| 00| 0 eng d
024 _a15553
037 _cTextual
040 _aSDCL
_cSDCL
_beng
041 _2eng
_aeng
082 _aO122,6N-Mw, M0
100 _aWilliams Roger L
_9405418
245 0 _aHorror of life.
260 _c1980
942 _hO122,6N-Mw, M0
_cTEXL
_2CC
999 _c817948
_d817948